[Event "Nairobi County-ch"]
[Site "Karen"]
[Date "2025.06.01"]
[Round "6"]
[White "Mwangi, Brian Gabriel"]
[Black "Methu, Joseph Muraga"]
[Result "1-0"]
[WhiteElo "1932"]
[BlackElo "1984"]
[PlyCount "66"]
[EventDate "2025.05.31"]
[EventType "swiss"]
[EventRounds "8"]
[EventCountry "KEN"]
[SourceTitle "CB24_2025"]
[SourceDate "2025.06.11"]
[SourceVersion "1"]
[SourceVersionDate "2025.06.11"]
[SourceQuality "1"]

1. d4 Nf6 2. c4 g6 3. Nc3 Bg7 4. Nf3 d6 5. Bg5 a6 6. e3 0-0 7. Be2 Nbd7 8. Qc2 e5 9. 0-0 h6 10. Bh4 c6 11. a4 a5 12. Rfd1 Qe7 13. Rac1 g5 14. Bg3 Nh5 15. dxe5 dxe5 16. Nd2 Nxg3 17. hxg3 f5 18. g4 Nc5 19. gxf5 Bxf5 20. Nde4 Rad8 21. Rxd8 Rxd8 22. Rd1 Rf8 23. Bd3 Na6 24. Nd6 Be6 25. Bh7+ Kh8 26. Bf5 Nc5 27. Bxe6 Nxe6 28. Nce4 Kg8 29. Qb3 Nd8 30. c5+ Kh8 31. Qb6 g4 32. Nf5 Kg8 33. Nxg7 Kxg7 1-0

[Event "Africa-ch Amateurs U2000"]
[Site "Bujumbura"]
[Date "2024.07.27"]
[Round "8"]
[White "Kizza, Faruk Fauza Karim"]
[Black "Methu, Joseph Muraga"]
[Result "0-1"]
[WhiteElo "1900"]
[BlackElo "1982"]
[PlyCount "53"]
[EventDate "2024.07.23"]
[EventType "swiss"]
[EventRounds "9"]
[EventCountry "BRI"]
[SourceTitle "EXT 2025"]
[Source "ChessBase"]
[SourceDate "2024.10.14"]
[SourceVersion "1"]
[SourceVersionDate "2024.10.14"]
[SourceQuality "1"]

1. Nf3 Nf6 2. b3 g6 3. Bb2 Bg7 4. g3 0-0 5. Bg2 d5 6. h4 h5 7. Bxf6 Bxf6 8. c3 e5 9. e4 dxe4 10. Ng1 Bf5 11. Ne2 Nc6 12. a4 Qe7 13. 0-0 Rad8 14. Na3 Rd7 15. Ra2 Rfd8 16. Qc1 Bg7 17. Nc4 Bg4 18. Ne3 Rd6 19. b4 Be6 20. Nc4 Rd3 21. b5 Qc5 22. bxc6 Qxc4 23. Rb2 Qxc6 24. Rb4 Rxd2 25. Qb1 Rxe2 26. Re1 Rxe1+ 27. Qxe1 0-1

[Event "Africa-ch Amateurs U2000"]
[Site "Bujumbura"]
[Date "2024.07.24"]
[Round "3"]
[White "Mohamed, Yusuf Ahmed"]
[Black "Methu, Joseph Muraga"]
[Result "1-0"]
[WhiteElo "1825"]
[BlackElo "1982"]
[PlyCount "95"]
[EventDate "2024.07.23"]
[EventType "swiss"]
[EventRounds "9"]
[EventCountry "BRI"]
[SourceTitle "EXT 2025"]
[Source "ChessBase"]
[SourceDate "2024.10.14"]
[SourceVersion "1"]
[SourceVersionDate "2024.10.14"]
[SourceQuality "1"]

1. e3 Nf6 2. d4 g6 3. c4 c5 4. Nc3 Bg7 5. Nf3 0-0 6. Be2 d6 7. 0-0 Nc6 8. h3 b6 9. d5 Na5 10. Qc2 e5 11. dxe6 Bxe6 12. b3 d5 13. Rd1 Qb8 14. cxd5 Nxd5 15. Nxd5 Bxa1 16. Ne7+ Kh8 17. Bb2+ Bxb2 18. Qxb2+ f6 19. Ng5 Bg8 20. Bf3 Qe5 21. Qxe5 fxe5 22. Nxg8 Kxg8 23. Bd5+ Kg7 24. Bxa8 Rxa8 25. Rd7+ Kg8 26. Nxh7 Nc6 27. g4 Rd8 28. Nf6+ Kf8 29. Rxd8+ Nxd8 30. Nd7+ Kg7 31. Nxe5 Ne6 32. f4 Nc7 33. Kf2 Nd5 34. a4 Nb4 35. h4 Nc2 36. Nc4 Nb4 37. Kf3 Nd3 38. g5 Nc1 39. Nd2 Kf7 40. e4 a6 41. f5 b5 42. axb5 axb5 43. fxg6+ Kxg6 44. Kg4 b4 45. h5+ Kg7 46. e5 Nxb3 47. Nxb3 c4 48. Na5 1-0

[Event "Africa-ch Amateurs U2000"]
[Site "Bujumbura"]
[Date "2024.07.23"]
[Round "1"]
[White "Ntumwa, Calvin"]
[Black "Methu, Joseph Muraga"]
[Result "0-1"]
[WhiteElo "1781"]
[BlackElo "1982"]
[PlyCount "142"]
[EventDate "2024.07.23"]
[EventType "swiss"]
[EventRounds "9"]
[EventCountry "BRI"]
[SourceTitle "EXT 2025"]
[Source "ChessBase"]
[SourceDate "2024.10.14"]
[SourceVersion "1"]
[SourceVersionDate "2024.10.14"]
[SourceQuality "1"]

1. e4 c5 2. Nf3 g6 3. c3 Bg7 4. Be2 d5 5. exd5 Qxd5 6. d4 cxd4 7. cxd4 Nh6 8. Nc3 Qd8 9. Bf4 0-0 10. Be5 f6 11. Qb3+ Kh8 12. Bxb8 Rxb8 13. 0-0 Bg4 14. Rad1 Nf5 15. d5 Bxf3 16. Bxf3 Nd6 17. Ne2 f5 18. Nf4 Qb6 19. Qxb6 axb6 20. Ne6 Rfc8 21. Rc1 Bxb2 22. Rxc8+ Rxc8 23. Bd1 Ne4 24. f3 Nc5 25. Re1 Bf6 26. Be2 Nxe6 27. dxe6 Rc2 28. a4 Bc3 29. Bd1 Rb2 30. Rf1 Kg7 31. f4 Rb4 32. Rf3 Bd4+ 33. Kf1 Rb2 34. Bb3 Bc5 35. h3 Rb1+ 36. Ke2 Rg1 37. g3 h5 38. h4 Rg2+ 39. Kf1 Rg1+ 40. Ke2 Kf6 41. Bd5 Rb1 42. Bb3 Bd6 43. Bd5 b5 44. Rb3 Rxb3 45. Bxb3 bxa4 46. Bxa4 Kxe6 47. Be8 Kf6 48. Kf3 e5 49. fxe5+ Bxe5 50. Kg2 Kg7 51. Kf3 Bf6 52. Kf4 Bd8 53. Kf3 Kh6 54. Kf4 b6 55. Bb5 Bc7+ 56. Kf3 g5 57. Bd7 g4+ 58. Kf2 f4 59. gxf4 Bxf4 60. Be8 Be5 61. Kg2 Bc3 62. Kf2 Ba5 63. Ke2 Bb4 64. Kf2 Bc3 65. Bb5 Kg6 66. Be8+ Kf5 67. Bxh5 Bf6 68. Kg3 Be5+ 69. Kg2 b5 70. Bf7 Kf6 71. Be8 b4 0-1

[Event "World-chT Rapid"]
[Site "Duesseldorf"]
[Date "2023.08.27"]
[Round "7.14"]
[White "Methu, Joseph Muraga"]
[Black "Bordin, Silvia"]
[Result "1/2-1/2"]
[WhiteElo "1989"]
[BlackElo "1933"]
[PlyCount "152"]
[EventDate "2023.08.26"]
[EventType "team-swiss (rapid)"]
[EventRounds "12"]
[EventCountry "GER"]
[SourceTitle "CBM 215 Extra"]
[Source "ChessBase"]
[SourceDate "2023.09.30"]
[SourceVersion "1"]
[SourceVersionDate "2023.09.30"]
[SourceQuality "1"]
[WhiteTeam "Kenya Commercial Bank"]
[BlackTeam "Mitropa Chess Association"]
[WhiteTeamCountry "KEN"]
[BlackTeamCountry "GER"]

1. d4 d5 2. c4 e6 3. Nc3 c5 4. cxd5 exd5 5. Nf3 Nc6 6. g3 Nf6 7. Bg2 cxd4 8. Nxd4 Bc5 9. Nb3 Bb6 10. 0-0 d4 11. Na4 0-0 12. Nxb6 axb6 13. Bxc6 bxc6 14. Qxd4 Qc7 15. Bf4 Qb7 16. f3 c5 17. Qd2 Be6 18. e4 Rfd8 19. Qc3 Qa6 20. Rfd1 Bh3 21. Rd2 Be6 22. Rad1 Rxd2 23. Qxd2 h6 24. Nc1 Qb7 25. b3 b5 26. Be5 Nd7 27. Bc3 Qa7 28. Kg2 Nf8 29. Qb2 f6 30. Qf2 Qc7 31. Qd2 Qc8 32. Qd6 c4 33. b4 Ra3 34. Bb2 Ra6 35. Qd4 Rc6 36. Bc3 Rc7 37. Qe3 Bh3+ 38. Kf2 Be6 39. Ne2 Qa6 40. Rd2 Rd7 41. Nf4 Bf7 42. h4 Qc8 43. h5 Ne6 44. Nd5 Nc7 45. Nf4 Ne6 46. Nd5 Nc7 47. Qc5 Bxd5 48. Rxd5 Rf7 49. Rd6 Qa8 50. Ke3 f5 51. Qd4 Qxa2 52. Rd7 f4+ 53. gxf4 Ne6 54. Qd6 Qg2 55. Qxe6 Qg1+ 56. Ke2 Qg2+ 57. Ke1 Qg1+ 58. Kd2 Qf2+ 59. Kc1 Qe3+ 60. Bd2 Qa3+ 61. Kd1 Qxf3+ 62. Ke1 Qg3+ 63. Ke2 Qg2+ 64. Ke3 Qg1+ 65. Ke2 Qg2+ 66. Kd1 Qf3+ 67. Ke1 Qg3+ 68. Kf1 Qf3+ 69. Kg1 Qg3+ 70. Kh1 Qf3+ 71. Kh2 Qf2+ 72. Kh3 Qf3+ 73. Kh4 Qh1+ 74. Kg3 Qg1+ 75. Kf3 Qf1+ 76. Ke3 Qg1+ 1/2-1/2

[Event "KEN Nat Team Selection"]
[Site "Ruaraka"]
[Date "2023.01.28"]
[Round "9"]
[White "Methu, Joseph Muraga"]
[Black "Oluka, Robert Mcligeyo"]
[Result "0-1"]
[WhiteElo "1939"]
[BlackElo "1860"]
[PlyCount "64"]
[EventDate "2023.01.20"]
[EventType "tourn"]
[EventRounds "11"]
[EventCountry "KEN"]
[SourceTitle "CBM 213 Extra"]
[Source "ChessBase"]
[SourceDate "2023.05.31"]
[SourceVersion "1"]
[SourceVersionDate "2023.05.31"]
[SourceQuality "1"]

1. d4 d5 2. c4 e6 3. Nc3 a6 4. cxd5 exd5 5. Qb3 c5 6. Qxd5 cxd4 7. Qxd8+ Kxd8 8. Nd5 Nc6 9. Nb6 Bb4+ 10. Bd2 Bxd2+ 11. Kxd2 Rb8 12. Nxc8 Rxc8 13. Nf3 Nf6 14. Ng5 Ke7 15. f3 h6 16. Nh3 Ne5 17. Nf4 Rhd8 18. b3 g5 19. Nd3 Nxd3 20. exd3 Nd5 21. Be2 Ne3 22. g3 Rc2+ 23. Ke1 Rdc8 24. Kf2 R8c3 25. h4 Rxd3 26. Rhc1 Rdc3 27. Rxc2 Rxc2 28. hxg5 hxg5 29. Rh1 Nd5 30. Ke1 d3 31. Bd1 Rxa2 32. Rh5 Ne3 0-1

[Event "KEN-ch"]
[Site "Nairobi"]
[Date "2021.12.26"]
[Round "2"]
[White "Akhanyinya, Bryan Toboso"]
[Black "Methu, Joseph Muraga"]
[Result "0-1"]
[WhiteElo "1703"]
[BlackElo "2024"]
[PlyCount "81"]
[EventDate "2021.12.26"]
[EventType "swiss"]
[EventRounds "9"]
[EventCountry "KEN"]
[SourceTitle "EXT 2023"]
[Source "ChessBase"]
[SourceDate "2022.10.05"]
[SourceVersion "1"]
[SourceVersionDate "2022.10.05"]
[SourceQuality "1"]

1. e4 Nf6 2. e5 Nd5 3. Nc3 Nxc3 4. dxc3 d5 5. Bd3 c5 6. f4 Nc6 7. Be3 e6 8. Qg4 c4 9. Be2 Qa5 10. Nf3 g6 11. Qh4 h6 12. Qf2 b6 13. g4 h5 14. gxh5 gxh5 15. Qg2 Bb7 16. f5 0-0-0 17. Bd4 Bc5 18. Kf2 Bxd4+ 19. cxd4 Qb4 20. b3 cxb3 21. axb3 Qc3 22. Rhd1 Kb8 23. f6 Rdg8 24. Qf1 Qxc2 25. Rdc1 Qe4 26. Ra4 Rc8 27. Ba6 Bxa6 28. Qxa6 Na5 29. Rxa5 Rc2+ 30. Rxc2 Qxc2+ 31. Qe2 Qxe2+ 32. Kxe2 bxa5 33. Ng5 Rf8 34. Ke3 Kc7 35. Kf4 Kd7 36. Kg3 Rb8 37. Nxf7 Rxb3+ 38. Kh4 a4 39. Ng5 a3 40. Kxh5 a2 41. Kg6 0-1

[Event "Africa-ch"]
[Site "Lilongwe"]
[Date "2021.05.27"]
[Round "9"]
[White "Methu, Joseph Muraga"]
[Black "Ikhimiukor, Ehidiamen"]
[Result "1-0"]
[WhiteElo "2119"]
[BlackElo "1946"]
[PlyCount "113"]
[EventDate "2021.05.18"]
[EventType "swiss"]
[EventRounds "9"]
[EventCountry "MWI"]
[SourceTitle "EXT 2022"]
[Source "ChessBase"]
[SourceDate "2021.10.06"]
[SourceVersion "1"]
[SourceVersionDate "2021.10.06"]
[SourceQuality "1"]

1. d4 Nf6 2. c4 g6 3. Nc3 Bg7 4. Nf3 0-0 5. e4 d6 6. Be2 Bg4 7. Be3 Nbd7 8. Nd2 Bxe2 9. Qxe2 c5 10. 0-0 cxd4 11. Bxd4 a6 12. Rac1 Rc8 13. Nd5 e6 14. Nxf6+ Bxf6 15. Nf3 Ne5 16. Nxe5 dxe5 17. Be3 Qc7 18. b3 Bg7 19. Rcd1 f5 20. exf5 exf5 21. f3 Rce8 22. Rd5 e4 23. fxe4 Rxe4 24. Qd3 Rfe8 25. Bf2 Re2 26. Rd7 Qc6 27. Rd8 Rxd8 28. Qxd8+ Re8 29. Qd3 Qe4 30. Qxe4 Rxe4 31. Re1 Rxe1+ 32. Bxe1 Kf7 33. Kf2 Bd4+ 34. Kf3 Ke6 35. h3 g5 36. Bd2 Bf6 37. Bc1 h5 38. a4 Kd6 39. Ba3+ Kc6 40. Ke3 Be5 41. Be7 g4 42. hxg4 hxg4 43. Bh4 Kc5 44. Be1 Kd6 45. Bb4+ Ke6 46. Be1 Bd6 47. Kd4 Be5+ 48. Kc5 Bc7 49. b4 f4 50. b5 axb5 51. cxb5 f3 52. gxf3 gxf3 53. b6 Bf4 54. Kb5 Bd2 55. Bf2 Kd5 56. a5 Ke4 57. a6 1-0

[Event "Online Olym Div4 A"]
[Site "Chess.com INT"]
[Date "2020.08.01"]
[Round "6.5"]
[White "Methu, Joseph Muraga"]
[Black "Kulpruethanon, Thanadon"]
[Result "0-1"]
[WhiteElo "2119"]
[BlackElo "2282"]
[PlyCount "74"]
[EventDate "2020.07.31"]
[EventType "team-tourn (rapid)"]
[EventRounds "9"]
[EventCountry "USA"]
[SourceTitle "CBM 198"]
[Source "ChessBase"]
[SourceDate "2020.10.31"]
[SourceVersion "1"]
[SourceVersionDate "2020.10.31"]
[SourceQuality "1"]
[WhiteTeam "Kenya"]
[BlackTeam "Thailand"]
[WhiteTeamCountry "KEN"]
[BlackTeamCountry "THA"]

1. d4 Nf6 2. c4 c5 3. d5 e6 4. Nc3 exd5 5. cxd5 d6 6. Bf4 a6 7. a4 g6 8. Nf3 Bg7 9. h3 0-0 10. e3 Re8 11. Be2 Ne4 12. Qc2 Qa5 13. Ra3 Bf5 14. Qb3 Nd7 15. 0-0 c4 16. Bxc4 Ndc5 17. Qa2 Nxc3 18. bxc3 Ne4 19. Qb3 Rac8 20. Rc1 Rc7 21. Bf1 Nxc3 22. Kh2 Nxd5 23. Rxc7 Nxc7 24. Qxb7 Be4 25. Qb3 Bxf3 26. gxf3 Be5 27. Bxe5 Qxe5+ 28. Kg2 Ne6 29. Qb4 a5 30. Qh4 Rb8 31. Bb5 Rc8 32. Rd3 Rc1 33. Qg3 Qa1 34. Qxd6 Rg1+ 35. Kh2 Rh1+ 36. Kg3 Qg1+ 37. Kh4 Qg5# 0-1

[Event "Online Olym Div4 A"]
[Site "Chess.com INT"]
[Date "2020.08.01"]
[Round "4.5"]
[White "Thing, Bibek"]
[Black "Methu, Joseph Muraga"]
[Result "1-0"]
[WhiteElo "2222"]
[BlackElo "2119"]
[PlyCount "61"]
[EventDate "2020.07.31"]
[EventType "team-tourn (rapid)"]
[EventRounds "9"]
[EventCountry "USA"]
[SourceTitle "CBM 198"]
[Source "ChessBase"]
[SourceDate "2020.10.31"]
[SourceVersion "1"]
[SourceVersionDate "2020.10.31"]
[SourceQuality "1"]
[WhiteTeam "Nepal"]
[BlackTeam "Kenya"]
[WhiteTeamCountry "NEP"]
[BlackTeamCountry "KEN"]

1. e4 Nf6 2. e5 Nd5 3. c4 Nb6 4. d4 d6 5. exd6 cxd6 6. Nc3 g6 7. Be3 Bg7 8. Rc1 0-0 9. Be2 Nc6 10. d5 Ne5 11. b3 h5 12. h3 Ned7 13. Bd4 Nf6 14. Nf3 e6 15. dxe6 Bxe6 16. 0-0 d5 17. Ng5 dxc4 18. Nxe6 fxe6 19. Bxb6 Qxd1 20. Rfxd1 axb6 21. Bxc4 Kf7 22. a4 Rfd8 23. Re1 Nd5 24. Ne4 Bf6 25. Bxd5 exd5 26. Rc7+ Be7 27. Ng5+ Kf6 28. Nh7+ Kg7 29. Rexe7+ Kh6 30. h4 g5 31. Re6# 1-0

[Event "KEN-chT"]
[Site "Nairobi"]
[Date "2019.11.08"]
[Round "26.1"]
[White "Njuki, Gabriel"]
[Black "Methu, Joseph Muraga"]
[Result "0-1"]
[WhiteElo "1680"]
[BlackElo "2073"]
[PlyCount "52"]
[EventDate "2019.02.09"]
[EventType "team-tourn"]
[EventRounds "27"]
[EventCountry "KEN"]
[SourceTitle "CBM 192 Extra"]
[Source "Chessbase"]
[SourceDate "2019.11.06"]
[SourceVersion "1"]
[SourceVersionDate "2019.11.06"]
[SourceQuality "1"]
[WhiteTeam "Nairobi Univ"]
[BlackTeam "KCB Bank"]
[WhiteTeamCountry "KEN"]
[BlackTeamCountry "KEN"]

1. d4 Nf6 2. c4 g6 3. Nc3 Bg7 4. e4 0-0 5. Nf3 d6 6. h3 e5 7. d5 a5 8. Be3 Na6 9. a3 Nc5 10. Qc2 Nfd7 11. g4 Nb6 12. Bxc5 dxc5 13. Bd3 Bd7 14. Rg1 Nc8 15. h4 Nd6 16. Qd2 Qf6 17. Qe3 Qf4 18. Qxf4 exf4 19. Kd2 b5 20. e5 Nxc4+ 21. Bxc4 bxc4 22. Ne4 Rfb8 23. Rab1 Rb3 24. Ke2 Rab8 25. Nxc5 Rxb2+ 26. Rxb2 Rxb2+ 0-1